• 首页
  • 本馆介绍
  • 公告通知
  • 最新文献
  • 馆藏检索
  • 电子资源
  • 读者导购
  • 参考咨询
  • 我的图书馆
  • 登录
  • 详细信息显示
  • 放入我的书架
  • 预约/预借图书
  • 作者相关作品
  • 分类相关作品
  • 丛书相关作品
  • 出版社相关作品

书目信息

  • 表格格式
  • 工作单格式
  • 卡片格式
题名:
快速读书法
    
 
作者: 潘意敏 , 潘峥峥 编著
分册:  
出版信息: 上海   华东理工大学  2005
页数: 245页
开本: 21cm
丛书名:
单 册:
中图分类: G792
科图分类:
主题词: 读书方法
电子资源:
ISBN: 7-5628-1749-9
000 00737nam0 2200229 450
001 002994817
005 20061112082331.20
010    @a7-5628-1749-9@dCNY17.80
100    @a20050119d2005 em y0chiy0110 ea
101 0  @achi
102    @aCN@b310000
105    @ay z 000yy
200 1  @a快速读书法@9kuai su du shu fa@f潘意敏,潘峥峥编著
210    @a上海@c华东理工大学@d2005
215    @a245页@d21cm
330    @a本书介绍了各种快速读书的方法,包括:速读的检测、速读的秘诀、各种速读的技巧、提高阅读能力的几种类型、速读入门、技巧的掌握与训练等内容。
606 0  @a读书方法
690    @aG792@v4
701  0 @a潘意敏@9pan yi min@4编著
701  0 @a潘峥峥@9pan zheng zheng@4编著
801  0 @aCN@bNLC@c20061112
905    @a10447@dG792@e114
    
    快速读书法/潘意敏,潘峥峥编著.-上海:华东理工大学,2005
    245页;21cm
    
    
    ISBN 7-5628-1749-9:CNY17.80
    本书介绍了各种快速读书的方法,包括:速读的检测、速读的秘诀、各种速读的技巧、提高阅读能力的几种类型、速读入门、技巧的掌握与训练等内容。
●
相关链接 在E读中查询图书 在五车中查询图书 在当当中查询图书 在豆瓣中查询图书


正题名:快速读书法     索取号:G792/114         预约/预借

序号 登录号 条形码 馆藏地/架位号 状态 备注
1 0383788   203837884   第一样本阅览室/ [索取号:G792/114] 在馆    
2 0383789   203837893   第四借阅区/ [索取号:G792/114] 在馆    
3 0383790   203837900   第四借阅区/ [索取号:G792/114] 在馆    
4 0383791   203837919   第四借阅区/ [索取号:G792/114] 在馆    
5 0383792   203837928   第四借阅区/ [索取号:G792/114] 在馆    
唐山师范学院图书馆 欢迎您!
大连网信软件有限公司© 版权所有